<?xml version="1.0" encoding="UTF-8"?>
<record
    xmlns:xsi="http://www.w3.org/2001/XMLSchema-instance"
    xsi:schemaLocation="http://www.loc.gov/MARC21/slim http://www.loc.gov/standards/marcxml/schema/MARC21slim.xsd"
    xmlns="http://www.loc.gov/MARC21/slim">

  <leader>01137nam a2200205 a 4500</leader>
  <controlfield tag="003">DO-SdBNP</controlfield>
  <controlfield tag="005">20260205110706.0</controlfield>
  <controlfield tag="007">ta</controlfield>
  <controlfield tag="008">220831e        |||ao||gr|||| 001 0 spa d</controlfield>
  <datafield tag="040" ind1=" " ind2=" ">
    <subfield code="a">DO-SdBNP</subfield>
    <subfield code="b">spa</subfield>
    <subfield code="c">BNPHU</subfield>
  </datafield>
  <datafield tag="082" ind1=" " ind2=" ">
    <subfield code="b">I43g</subfield>
  </datafield>
  <datafield tag="110" ind1="2" ind2=" ">
    <subfield code="9">6892</subfield>
    <subfield code="a">Banco Popular Dominicano</subfield>
  </datafield>
  <datafield tag="245" ind1="1" ind2="0">
    <subfield code="a">Informe gesti&#xF3;n anual 2018:</subfield>
    <subfield code="h">razones para creer, razones para querer.</subfield>
  </datafield>
  <datafield tag="260" ind1=" " ind2=" ">
    <subfield code="a">Santo Domingo :</subfield>
    <subfield code="b">Banco Popular Dominicano,</subfield>
    <subfield code="c">[2018]</subfield>
  </datafield>
  <datafield tag="300" ind1=" " ind2=" ">
    <subfield code="a">235 p. :</subfield>
    <subfield code="b">il., fotogr. ;</subfield>
    <subfield code="c">29 cm.</subfield>
  </datafield>
  <datafield tag="505" ind1=" " ind2=" ">
    <subfield code="t">Indicadores financieros.--</subfield>
    <subfield code="t">Carta del Presidente.--</subfield>
    <subfield code="t">Informe del Consejo de Administraci&#xF3;n.--</subfield>
    <subfield code="t">55 a&#xF1;os, 55 razones.--</subfield>
    <subfield code="t">Razones para innovar.--</subfield>
    <subfield code="t">Razones para crecer.--</subfield>
    <subfield code="t">Razones para avanzar.--</subfield>
    <subfield code="t">Razones para seguir mejorando.--</subfield>
    <subfield code="t">Historias llenas de razones.--</subfield>
    <subfield code="t">Informe de la gesti&#xF3;n integral de riesgos 2018.--</subfield>
    <subfield code="t">Estados financieros sobre base regulada.--</subfield>
    <subfield code="t">Perfiles miembros del Consejo Administraci&#xF3;n.--</subfield>
    <subfield code="t">Comit&#xE9;s del Consejo de Administraci&#xF3;n.--</subfield>
    <subfield code="t">Principales ejecutivos.--</subfield>
    <subfield code="t">Directorio de oficinas.</subfield>
  </datafield>
  <datafield tag="590" ind1=" " ind2=" ">
    <subfield code="a">Inventariado 2022 / MF</subfield>
  </datafield>
  <datafield tag="650" ind1=" " ind2="0">
    <subfield code="a">Informes t&#xE9;cnicos</subfield>
    <subfield code="x">Redacci&#xF3;n</subfield>
    <subfield code="v">Informes T&#xE9;cnicos</subfield>
    <subfield code="9">7867</subfield>
  </datafield>
  <datafield tag="942" ind1=" " ind2=" ">
    <subfield code="2">ddc</subfield>
    <subfield code="c">LBS1</subfield>
  </datafield>
  <datafield tag="952" ind1=" " ind2=" ">
    <subfield code="0">0</subfield>
    <subfield code="1">0</subfield>
    <subfield code="2">ddc</subfield>
    <subfield code="5">1</subfield>
    <subfield code="7">0</subfield>
    <subfield code="8">PD</subfield>
    <subfield code="a">BNPHU</subfield>
    <subfield code="b">BNPHU</subfield>
    <subfield code="c">CT</subfield>
    <subfield code="d">2021-11-02</subfield>
    <subfield code="e">Donado por Wilfredo Alemani</subfield>
    <subfield code="l">0</subfield>
    <subfield code="p">2022-3874</subfield>
    <subfield code="r">2022-09-01</subfield>
    <subfield code="w">2022-09-01</subfield>
    <subfield code="y">LBS1</subfield>
  </datafield>
  <datafield tag="999" ind1=" " ind2=" ">
    <subfield code="c">52355</subfield>
    <subfield code="d">52355</subfield>
  </datafield>
</record>
